| 000 | 01020cam a22003254a 4500 | ||
|---|---|---|---|
| 001 | 1791 | ||
| 003 | FISKH | ||
| 005 | 20260226100331.0 | ||
| 008 | 050128s2005 nyua j b 001 0 eng | ||
| 010 | _a 2005002420 | ||
| 020 | _a9780531147641 | ||
| 040 |
_aDLC _cDLC _dDLC _beng |
||
| 042 | _apcc | ||
| 043 | _azmo---- | ||
| 050 | 0 | 0 |
_aQB582 _b.C54 2005 |
| 082 | 0 | 0 |
_a523.3 _222 |
| 100 | 1 | _aChrismer, Melanie. | |
| 245 | 1 | 4 |
_aThe moon / _cby Melanie Chrismer. |
| 260 |
_aNew York : _bScholastic, _c2005. |
||
| 300 |
_a24 pages : _bcolor illustrations ; _c22 cm. |
||
| 440 | 0 | _aScholastic news nonfiction readers | |
| 505 | 0 | _aJ | |
| 520 | _aSimple text and photographs present information about the Earth's moon. | ||
| 521 | 8 |
_a500
_bLexile |
|
| 521 | 8 |
_aJ
_bRaz-Plus |
|
| 651 | 0 |
_aMoon _vJuvenile literature. |
|
| 906 |
_a7 _bcbc _corignew _d1 _eecip _f20 _gy-gencatlg |
||
| 942 |
_2ddc _cBK _n0 |
||
| 999 |
_c1791 _d1791 |
||